|
|
|
|
| LEADER |
00000nab a2200000 a 4500 |
| 001 |
vtls000345516 |
| 003 |
SK-MaSNL |
| 005 |
20260304082005.0 |
| 008 |
250424c1988 xo 0 slo |
| 015 |
|
|
|a SNBRB19rr/mm-uuuuu
|
| 035 |
|
|
|a CL0345638
|
| 035 |
|
|
|a urn:nbn:sk:snk-ab8g5
|
| 035 |
|
|
|a (urnnbn)urn:nbn:sk:snk:ar-a04qiz
|
| 035 |
|
|
|a (uuid)a0cb3956-8391-48d5-b5af-025d8ae238ac
|
| 040 |
|
|
|a SNKBUCL
|b slo
|c SNKBUCL
|e AACR2
|
| 041 |
0 |
|
|a cze
|
| 044 |
|
|
|a xo
|c SK
|
| 080 |
|
|
|a 556.18
|2 1981
|
| 100 |
1 |
|
|a Benický, Jozef
|4 aut
|9 771914
|
| 245 |
1 |
0 |
|a Diskusný príspevok k štúdii Ladislav Kašpárek, Oldřich Novický, Václav Dvořák, "Odhad parametrů rozdělení pravděpodobnosti hydrologických veličin metodou minima kvadrátů relativních odchylek"
|c Jozef Benický
|
| 300 |
|
|
|b Lit. 7 zázn. v slov., češ.
|
| 650 |
0 |
7 |
|a hydrológia
|2 snkbucl
|9 853
|
| 655 |
|
7 |
|a články z novín a časopisov
|2 snkbucl
|9 267496
|
| 773 |
0 |
|
|t Vodohospodársky časopis
|g Roč. 36, č. 2 (1988), s. 211-216
|
| 850 |
|
|
|a Slovenská národná knižnica
|
| 852 |
|
|
|a Slovenská národná knižnica
|
| 958 |
|
|
|a article27
|
| 958 |
|
|
|a NB
|
| 958 |
|
|
|a RK
|
| 958 |
|
|
|a CZ
|
| 958 |
|
|
|a OND
|
| 958 |
|
|
|a EUIPO
|
| 992 |
|
|
|a RBX
|
| 999 |
|
|
|c 2793265
|d 2795195
|